000
00256 a2200109 4500
020
_a
9780425238127
020
_a
0753453878
100
1
_a
King, Daniel.
245
1
0
_a
Chess :
_b
from first moves to checkmate /
_c
Daniel King.
500
_a
Includes index.
942
_c
BK
999
_c
5
_d
5